| 000 | 00489nmm a2200193 a 4500 | ||
|---|---|---|---|
| 003 | AR-BaBNM | ||
| 005 | 20251128210731.0 | ||
| 008 | 036120s1973 ||||||||||||||000 | spa|| | ||
| 040 | _cAR-BaBNM | ||
| 100 | 1 | _aFerreira Sobral, Eduardo F. | |
| 245 | 1 | 0 |
_aPáginas para un encuentro _b1952-1973 |
| 260 |
_aBuenos Aires _bEditorial Raigal _c1973 |
||
| 300 | 0 | _a107 p. | |
| 500 | 0 | _aDonación Fainholc | |
| 650 | 4 | _aPOESIA | |
| 655 | _aLITERATURA | ||
| 942 | _cBK | ||
| 998 | _cme-solo cat | ||
| 999 |
_c16660 _d16660 |
||